000 01371cam a2200325 a 4500
005 20260322212046.0
008 data
010 _a 97021286
020 _a0310213274 (alk. paper)
020 _a9780310213277 (alk. paper)
040 _aDLC
_cDLC
_dDLC
050 0 0 _aBT761.2
_b.Y35 1997
082 0 0 _a234
_221
092 _a234 Yan 1997
100 1 _aYancey, Philip.
245 1 0 _aWhat's so amazing about grace? /
_cPhilip Yancey.
246 3 _aWhat is so amazing about grace
260 _aGrand Rapids, Mich. :
_bZondervan,
_cc1997.
300 _a292 p. ;
_c24 cm.
504 _aIncludes bibliographical references (p. 283-292).
650 0 _aGrace (Theology)
856 4 1 _3Table of contents only
_uhttp://www.loc.gov/catdir/enhancements/fy0633/97021286-t.html
856 4 2 _3Publisher description
_uhttp://www.loc.gov/catdir/enhancements/fy0633/97021286-d.html
856 4 1 _3Sample text
_uhttp://www.loc.gov/catdir/enhancements/fy0629/97021286-s.html
906 _a7
_bcbc
_corignew
_d1
_eocip
_f19
_gy-gencatlg
920 _a**LC HAS REQ'D # OF SHELF COPIES**
991 _bc-GenColl
_hBT761.2
_i.Y35 1997
_p00039998270
_tCopy 1
_wBOOKS
001 data
999 _c1079
_d1079